Érettségi 2011. ősz 2. Quiz Stats

 Plays Quiz not verified by Sporcle

Challenge
Share
Tweet
Score 0/8 Timer 02:00
0 Plays Today
% Correct
Venezuela
94.9%
Kuba
94.9%
Karib-tenger
86.5%
Panama
83.3%
Havanna
78.8%
Caracas
75.6%
Nicaragua
66.7%
Bahama-szigetek
62.2%

You're not logged in!

Compare scores with friends on all Sporcle quizzes.
Join for Free
OR
Log In

You Might Also Like...

Show Comments

Extras

Created Apr 11, 2015ReportFavoriteNominate
Tags:2011, meg, varosokat

Top Quizzes Today


Score Distribution

Your Account Isn't Verified!

In order to create a playlist on Sporcle, you need to verify the email address you used during registration. Go to your Sporcle Settings to finish the process.

Report this User

Report this user for behavior that violates our Community Guidelines.

Details: